Αξιολόγηση Επενδύσεων και Χρηματοδοτήσεις και Χρηματιστηριακές Αγορές / Αξιολόγηση Επενδύσεων: Τομος Α' (Record no. 4052)
[ view plain ]
| 000 -LEADER | |
|---|---|
| fixed length control field | 02248cam a22001934a 4500 |
| 005 - ΗΜΕΡΟΜΗΝΙΑ ΚΑΙ ΩΡΑ ΤΕΛΕΥΤΑΙΑΣ ΕΝΗΜΕΡΩΣΗΣ | |
| Πεδίο ελέγχου | 20250605163421.0 |
| 008 - FIXED-LENGTH DATA ELEMENTS--GENERAL INFORMATION | |
| Πεδίο ελέγχου σταθερού μήκους | 250528s ||||||||||||||||||||||||d |
| 035 ## - SYSTEM CONTROL NUMBER | |
| System control number | 18732 |
| 020 ## - ISBN | |
| ISBN | 9602551631 |
| 040 ## - ΠΗΓΗ ΚΑΤΑΛΟΓΟΓΡΑΦΗΣΗΣ | |
| Φορέας πρωτότυπης καταλογογράφησης | MC Athens Campus Library |
| Γλώσσα καταλογογράφησης | Ελληνικά, Μοντέρνα (1453-) |
| Modifying agency | MC Athens Campus Library |
| Κανόνες περιγραφικής καταλογογράφησης | AACR2 |
| 245 1# - ΤΙΤΛΟΣ ΚΑΙ ΔΗΛΩΣΗ ΥΠΕΥΘΥΝΟΤΗΤΑΣ | |
| Τίτλος | Αξιολόγηση Επενδύσεων και Χρηματοδοτήσεις και Χρηματιστηριακές Αγορές / Αξιολόγηση Επενδύσεων: Τομος Α' |
| 260 ## - PUBLICATION, DISTRIBUTION, ETC. | |
| Name of publisher, distributor, etc. | Το Οικονομικο, |
| Date of publication, distribution, etc. | 1999 |
| 300 ## - PHYSICAL DESCRIPTION | |
| Extent | 184 |
| 520 ## - SUMMARY, ETC. | |
| Summary, etc. | Πρόλογος, Διάρθρωση Ύλης, Αξιολόγηση Επενδύσεων, Μέθοδοι Αξιολόγησης Επενδυτικών Έργων, Σύγκριση των Μεθόδων της ΚΠΑ και του ΕΒΑ, Ανάλυση Καθαρών Ταμειακών Ροών, Αξιολόγηση Επενδύσεων σε Καθεστώς Πληθωρισμού, Αξία και Αγορά Χρήματος, Νόημα και Μέτρηση του Κινδύνου, Κριτήρια Αξιολόγησης Επενδύσεων σε Καθεστώς Κινδύνου, Χρηματοδοτικές Αποφάσεις, Βασικά Χαρακτηριστικά του Χρηματοδοτικού Συστήματος, Πρωτογενείς και Δευτερογενείς Αγορές Χρήματος και Κεφαλαίου, Η Υπόθεση της Αποτελεσματικότητας της Αγοράς Αξιόγραφων, Η Πρωτογενής Αγορά Μετοχών στην Ελλάδα, Υποδείγματα Αποτίμησης Μετοχών, Κόστος Κεφάλαιου, Ανάλυση του Επιχειρηματικού και Χρηματοδοτικού Κινδύνου, Ανάλυση Χρηματοδοτικής Διάρθρωσης, Μεισματική Πολιτική, Τρόποι Αύξησης του Μετοχικού Κεφάλαιου, Ανάλυση Χαρτοφυλάκιου, Εκτίμηση του Υποδείγματος της Αγοράς, Ειδικά Θέματα Χρηματοδότησης, Case Studies. |
| 700 1# - ΠΡΟΣΘΕΤΗ ΑΝΑΓΡΑΦΗ--ΦΥΣΙΚΟ ΠΡΟΣΩΠΟ | |
| Personal name | Καραθανασης Γεωργιος Α |
| 942 ## - ADDED ENTRY ELEMENTS (KOHA) | |
| Koha item type | Books |
| Τύπος τεκμηρίου | Βιβλιοθήκη | Τρέχουσα τοποθεσία | Barcode | Αριθμός εισαγωγής | Ημερομηνία απόκτησης | Ταξιθετικό σύμβολο | Αριθμός αντιτύπου | Κατάσταση απόσυρσης | Κατάσταση χαμένου | Κατάσταση κατεστραμμένου | Μη δανεισμός | Σύνολο δανεισμών | Ημερομηνία τελευταίας εμφάνισης | Η τιμή ισχύει από |
|---|---|---|---|---|---|---|---|---|---|---|---|---|---|---|
| Books | MC Athens Campus Library | MC Athens Campus Library | 9780000040510 | 3641 | 05/06/2025 | 332.632 KAR V.A | 1 | 05/06/2025 | 05/06/2025 |